000 00689nam a2200289Ia 4500
005 20260324143501.0
008 008 260324s9999 xx 000 0 eng d
020 _a9781003349006
037 _aEBOOK
040 _aCRL
040 _beng
040 _cCRL
041 _2eng
041 _aeng
084 _qCRL
100 _aRobert F. Miller
_91215800
245 0 _aSoviet Foreign Policy Today
245 0 _bGorbachev and the New Political Thinking
260 _bTaylor and Francis
260 _c1991
365 _a
365 _b150
856 _uhttp://www.taylorfrancis.com/books/9781003349006
942 _cEBOOK
999 _c1821261
_d1821261